Estadísticas para Países de la Guerra de Vietnam

Haz click aquí para tomar la prueba!

Estadísticas generales

  • Esta prueba ha sido tomada 915 veces
  • La puntuación promedio es 7 de 9

Estadísticas de respuestas

Muertes País % Correcto
58,315Estados Unidos
98%
1,446China
96%
62,000Laos
87%
273,000Camboya
87%
351Tailandia
79%
1,062,000Vietnam del Norte
64%
741,000Vietnam del Sur
64%
5,099Corea del Sur
59%
500Australia
50%

Distribución de puntuación

Porcentaje por número respondido

Porcentaje de gente con cada puntuación

Historial de tus puntuaciones

No has tomado esta prueba